Naval architecture for the merchant navy exams / (Record no. 1434)

000 -LEADER
fixed length control field 00432nam a2200157 4500
008 - FIXED-LENGTH DATA ELEMENTS--GENERAL INFORMATION
fixed length control field 200123b ||||| |||| 00| 0 eng d
020 ## - INTERNATIONAL STANDARD BOOK NUMBER
International Standard Book Number 0291396771
082 00 - DEWEY DECIMAL CLASSIFICATION NUMBER
Classification number 623.81
Item number M9687
100 ## - MAIN ENTRY--PERSONAL NAME
9 (RLIN) 689
Personal name Munro-Smith, R.
245 10 - TITLE STATEMENT
Title Naval architecture for the merchant navy exams /
250 ## - EDITION STATEMENT
Edition statement 1st ed.
260 ## - PUBLICATION, DISTRIBUTION, ETC. (IMPRINT)
Place of publication, distribution, etc Oxford
Name of publisher, distributor, etc Technical press
Date of publication, distribution, etc 1975
300 ## - PHYSICAL DESCRIPTION
Extent .
650 #0 - SUBJECT ADDED ENTRY--TOPICAL TERM
Topical term or geographic name as entry element Naval Architecture
942 ## - ADDED ENTRY ELEMENTS (KOHA)
Source of classification or shelving scheme
Item type Books
Holdings
Withdrawn status Lost status Source of classification or shelving scheme Damaged status Not for loan Permanent location Current location Date acquired Full call number Barcode Date last seen Koha item type
          IMU Kolkata IMU Kolkata 1976-02-13 623.81 M9687 04417 2020-01-23 Books
          IMU Kolkata IMU Kolkata 1976-02-13 623.81 M9687 04418 2020-01-23 Books
          IMU Kolkata IMU Kolkata 2020-03-06 623.81 M9687 04757 2020-03-06 Books
          IMU Kolkata IMU Kolkata 2020-03-06 623.81 M9687 04758 2020-03-06 Books
          IMU Kolkata IMU Kolkata 1980-08-05 623.81 M9687 05149 2020-03-19 Books
Designed and Maintained by IMU-KC Library, Kolkata Campus © Copyright All Rights Reserved

webs counters

Powered by Koha